000 00513nam a22002177a 4500
003 UA-OsUOA
001 41167
007 ta
008 20060918b un ||||| |||| 00| 0 ukr d
100 _aBorzyminska Z.
090 _a94(438)
942 _cBK
040 _aUA-OsUOA
_bpol
_cUA-OsUOA
_dUA-OsUOA
245 _aDzieje zydow w Polsce
300 _a129 с.
955 _a2
041 _apol
080 _a94(438)
650 7 _a9 Географія. Біографії. Історія
_2UDC
999 _c327307
_d327307